При вечернем и утреннем свете: стихотворения

Détails bibliographiques
Auteur principal: Сухарев Д. А. Дмитрий Антонович
Autres auteurs: Шехтер С. (художник)
Résumé:Исключено из фонда НТБ ТПУ
Langue:russe
Publié: Москва, Советский писатель, 1989
Format: MixedMaterials Livre
KOHA link:https://koha.lib.tpu.ru/cgi-bin/koha/opac-detail.pl?biblionumber=259336

MARC

LEADER 00000nam0a2200000 4500
001 259336
005 20231101233358.0
010 |a 5265007423 
035 |a (RuTPU)RU\TPU\book\282262 
090 |a 259336 
100 |a 20140507d1989 m y0rusy50 ca 
101 0 |a rus 
102 |a RU 
105 |a c z 000gy 
200 1 |a При вечернем и утреннем свете  |e стихотворения  |f Д. А. Сухарев  |g С. Шехтер 
210 |a Москва  |c Советский писатель  |d 1989 
215 |a 384 с.  |c портр. 
333 |a Исключено из фонда НТБ ТПУ 
700 1 |a Сухарев  |b Д. А.  |c настоящая фамилия Сахаров  |c русский поэт  |f 1930-  |g Дмитрий Антонович  |9 5041 
702 1 |a Шехтер  |b С.  |4 040 
801 1 |a RU  |b 63413507  |c 20140507 
801 2 |a RU  |b 63413507  |c 20220310  |g RCR 
942 |c BK